000 00870nam a22002657a 4500
001 864
005 20230804160103.0
008 230712b cb ||||| |||| 00| 0 eng d
020 _a0590433008 :
040 _aDLC
_cDLC
_dDLC
_beng
050 0 0 _aPZ7.G845
_bKo 1992
082 0 0 _a813
_220
100 1 _aGreenfield, Eloise
245 1 0 _aKoya DeLaney and the good girl blues /
_cEloise Greenfield.
260 _aNew York :
_bScholastic,
_c1992.
300 _a124 pages :
_c20 cm.
505 _aR
520 _aKoya Delaney, an eleven-year-old African-American girl, has trouble expressing anger, until her cousin, a popular male singer, comes to town.
521 _a740
_bLexile
521 _aR
_bRaz-Plus
650 1 _aAfrican Americans
_vFiction.
650 1 _aAnger
_vFiction.
906 _a7
_bcbc
_corignew
_d1
_eocip
_f19
_gy-gencatlg
942 _2ddc
_cBK
_n0
999 _c864
_d864